Which City in China? - Statistics

General Stats
  • This quiz has been taken 190 times
  • The average score is 18 of 25
Answer Stats
Hint City % Correct
B City that translates to "North Capital" Beijing
99%
X Home of the Terracotta Warriors Xi'an
98%
S Largest city in China by population Shanghai
96%
H Protesting city stolen from China by the British Hong Kong
95%
M Major gambling hub Macau
91%
S Major manufacturing hub in Guangdong Shenzhen
91%
H Home of a famous ice sculpture festival Harbin
90%
N Former capital of the Republic of China Nanjing
90%
C City with a giant panda research base Chengdu
89%
L Former residence of the Dalai Lama Lhasa
88%
U Largest city in Central Asia Urumqi
87%
W Modern-day city where Mulan was born Wuhan
87%
T Temporary base of the Eight-Nation alliance Tianjin
84%
Q Ex-German protectorate that kept their liquor Qingdao
82%
C Wartime capital of the Republic of China during WWII Chongqing
76%
G Location of a bloody uprising against Qing rule that killed 72 martyrs Guangzhou
73%
D Location of a massive oil spill in 2010 Dalian
68%
S Largest city in the Manchurian region Shenyang
66%
K City known for its red soil Kunming
55%
H Home to a large Genghis Khan statue Hohhot
45%
S Provincial capital that serves as a major transit hub for Beijing Shijiazhuang
40%
L The Soviet Union's largest city of influence in Northwest China Lanzhou
35%
H City home to two experimental tokamaks Hefei
30%
D Home of the largest mall in the world in leasable area Dongguan
29%
T Location of a massacre in 1900 where dozens of Christians were murdered Taiyuan
21%
No matching quizzes found
Score Distribution
Percent of People with Each Score
Percentile by Number Answered
Your Score History
You have not taken this quiz